Análisis de estructuras indeterminadas

Bibliographic Details
Main Author: Kinney, Sterling
Format: Section = Libro
Language:Undetermined
Spanish
Published: México Continental 1960
Subjects:
LEADER 00454nam a2200169Ia 4500
008 240829s9999 xx 000 0 und d
040 |a BIBLIOTECA-RUPAP 624.171 K55 
041 |a spa 
082 |a 624.171 K55 
100 1 |a Kinney, Sterling 
245 1 0 |a Análisis de estructuras indeterminadas 
260 |a México  |b Continental  |c 1960 
300 |a 718 p. :il. 
650 7 |a RESISTENCIA DE MATERIALES. I. Tít. 
942 |c BK  |2 ddc 
991 |a TEXTO 
999 |c 9496